000 00662nam a2200229Ii 4500
003 JO-AjNU
008 230606s9999||||xx |||||||||||||| ||und||
017 _a2009/5/2480
020 _a978-1-86005-718-2
040 _aJO-AjNU
_beng
_erda
_cJO-AjNU
041 _aeng
050 1 4 _aQA76.3.2009
100 3 _aClatraining,
_eauthor
_92674
245 0 0 _aICDL 5.0 International Computer Driving Licence/module3/Word Processing Using Word 2007
250 _a1 ed
264 3 1 _aClatraining:Kingdom,2010
300 _a148p
336 _atext
_btxt
_2rdacontent
337 _aunmediated
_bn
_2rdamedia
338 _avolume
_bnc
_2rdacarrier
650 4 _aIcdl
_92675
999 _aE1397
_c1397
_d1397